東京都の市町村 人口順 - Statistics

General Stats
  • This quiz has been taken 89 times
  • The average score is 32 of 39
Answer Stats
Answer 人口 % Correct
1 八王子市 577,292
99%
3 府中市 263,546
97%
4 調布市 244,558
96%
5 西東京市 207,554
96%
10 東村山市 152,209
96%
9 立川市 185,383
94%
21 あきる野市 78,355
94%
14 青梅市 130,485
93%
2 町田市 432,376
91%
11 武蔵野市 150,789
91%
12 多摩市 146,006
91%
13 国分寺市 132,358
91%
24 武蔵村山市 69,585
91%
8 日野市 191,687
88%
31 奥多摩町 4,276
88%
7 三鷹市 195,922
87%
15 小金井市 127,794
85%
17 東久留米市 114,663
85%
22 国立市 76,816
85%
25 福生市 55,994
85%
20 狛江市 83,568
84%
16 昭島市 115,301
82%
26 羽村市 53,798
82%
35 檜原村 1,815
81%
18 稲城市 95,028
79%
23 清瀬市 76,343
78%
6 小平市 200,410
76%
28 日の出町 16,548
76%
19 東大和市 83,619
75%
39 青ヶ島村 167
74%
32 小笠原村 2,842
72%
29 八丈町 6,666
69%
30 大島町 6,535
69%
27 瑞穂町 31,219
66%
38 御蔵島村 309
57%
34 三宅村 2,104
56%
36 神津島村 1,714
54%
33 新島村 2,230
49%
37 利島村 321
49%
No matching quizzes found
Score Distribution
Percent of People with Each Score
Percentile by Number Answered
Your Score History
You have not taken this quiz